Literature Receipts Quiz Stats

 Plays Quiz Updated Oct 10, 2018

Score 0/10 Timer 05:00
3 Plays Today
% Correct
The Lord of the Rings
96.9%
Alice's Adventures in Wonderland
95.6%
A Study in Scarlet
93.1%
Winnie-the-Pooh
89.4%
Harry Potter and the Philosopher's Stone
88.5%
Romeo and Juliet
87%
How the Grinch Stole Christmas
83.4%
Animal Farm
81%
The Hitchhiker's Guide to the Galaxy
78%
The Hunger Games
77%

You're not logged in!

Compare scores with friends on all Sporcle quizzes.
OR
Log In

Sporcle TV

Today on Sporcle TV


Watch our educational content, quiz creation guides, and fun videos on Sporcle TV.

Show Comments

Extras

Top Quizzes Today


Score Distribution

Your Account Isn't Verified!

In order to create a playlist on Sporcle, you need to verify the email address you used during registration. Go to your Sporcle Settings to finish the process.

Report this User

Report this user for behavior that violates our Community Guidelines.

Details: